| 000 | 00701 a2200205 4500 | ||
|---|---|---|---|
| 020 | _a0070634165 | ||
| 020 | _a9780070634169 | ||
| 082 | _a518.02462 | ||
| 090 |
_c932 _d932 |
||
| 100 | 1 | _achapra, steven c. | |
| 245 | 1 | 0 |
_aNumerical methods for engineers / _csteven c. chapra, raymond p. canale. |
| 250 | _a5th ed. | ||
| 300 | _a944 p. | ||
| 490 | 1 | _aSpecial indian edition. | |
| 520 | _aInternational Edition, but same content with the US Edition. | ||
| 700 | 1 | _acanale, raymond p. | |
| 830 | 0 | _aSpecial indian edition. | |
| 942 |
_aSNS _cBK _k518.02462 CHA |
||
| 999 |
_c329427 _d329427 |
||